Central Library OPAC University of Rajshahi

Poetry and prose in the sixteenth century / (Record no. 64580)

MARC details
000 -LEADER
fixed length control field 01165nam a2200289 a 4500
001 - CONTROL NUMBER
control field 64580
003 - CONTROL NUMBER IDENTIFIER
rucl marc code BD-RjUL
005 - DATE AND TIME OF LATEST TRANSACTION
control field 20211209081326.0
008 - FIXED-LENGTH DATA ELEMENTS--GENERAL INFORMATION
fixed length control field 170216r19901954enk b 001 0 eng d
020 ## - INTERNATIONAL STANDARD BOOK NUMBER
International Standard Book Number 0198122314
035 ## - SYSTEM CONTROL NUMBER
System control number (BD-RjUL)64710
040 ## - CATALOGING SOURCE
Original cataloging agency ZQP
Transcribing agency ZQP
Modifying agency OCL
-- ORU
-- OCL
-- MYG
-- BD-RjUL
Language of cataloging eng
041 ## - LANGUAGE CODE
Language code of text/sound track or separate title eng
082 ## - DEWEY DECIMAL CLASSIFICATION NUMBER
Edition number 23
Classification number 820.909
Author mark and year LEP 1990
090 ## - LOCALLY ASSIGNED LC-TYPE CALL NUMBER (OCLC); LOCAL CALL NUMBER (OCLC)
Classification number (OCLC) (R) ; Classification number, CALL (RLIN) (NR) PR411.L49 1990
100 1# - MAIN ENTRY--PERSONAL NAME
Personal name Lewis, C. S.
Fuller form of name (Clive Staples),
Dates associated with a name 1898-1963.
9 (RLIN) 191540
245 10 - TITLE STATEMENT
Title Poetry and prose in the sixteenth century /
Statement of responsibility, etc. C.S. Lewis.
260 ## - PUBLICATION, DISTRIBUTION, ETC. (IMPRINT)
Place of publication, distribution, etc. Oxford :
Name of publisher, distributor, etc. Clarendon Press ;
Date of publication, distribution, etc. c1954 [reprint 1990]
300 ## - PHYSICAL DESCRIPTION
Pagination vi, 696 p. ;
Size 23 cm.
490 1# - SERIES STATEMENT
Series statement The Oxford history of English literature ;
Volume/sequential designation 4
500 ## - GENERAL NOTE
General note Reprint. Originally published: English literature in the sixteenth century excluding drama. Oxford : Clarendon Press, 1954. (The Oxford history of English literature ; 3)
504 ## - BIBLIOGRAPHY, ETC. NOTE
Bibliography, etc Includes bibliographical references and index.
650 #0 - SUBJECT ADDED ENTRY--TOPICAL TERM
Topical term or geographic name as entry element English literature
Chronological subdivision Early modern, 1500-1700
General subdivision History and criticism.
9 (RLIN) 185820
Topical term or geographic name as entry element Renaissance
Geographic subdivision England.
9 (RLIN) 191541
830 #0 - SERIES ADDED ENTRY--UNIFORM TITLE
Uniform title Oxford history of English literature ;
Volume number/sequential designation 4.
942 ## - ADDED ENTRY ELEMENTS (KOHA)
Source of classification or shelving scheme Dewey Decimal Classification
Koha item type Books
Holdings
Lost status Source of classification or shelving scheme Damaged status Not for loan Collection code Permanent Location Current Location Shelving location Date acquired Cost, normal purchase price Total Checkouts Full call number Date last seen Copy number Koha item type
  Dewey Decimal Classification   Not For Loan Non-fiction Central Library, University of Rajshahi Central Library, University of Rajshahi Reading Room 25/05/1995 0.00   820.909 LEP 1990 16/02/2017 C-1 Books